|
|
|
|
| LEADER |
00000cam a2200000 7i4500 |
| 001 |
0000000208 |
| 005 |
20161117093000.0 |
| 008 |
021118n |
| 020 |
|
|
|a 0070106878
|
| 090 |
0 |
0 |
|a TA683.2
|b .C457
|
| 100 |
0 |
|
|a Chen, Wai-Fah ,
|d 1936- ,
|e author
|
| 245 |
0 |
0 |
|a Plasticity in reinforced concrete
|c Wai-Fah Chen
|
| 260 |
2 |
|
|a New York :
|b McGraw-Hill ,
|c 1982
|
| 300 |
|
|
|a 474 p. ; ;
|c 25 cm.
|
| 504 |
|
|
|a Includes bibliographies and index
|
| 650 |
|
0 |
|a Reinforced concrete construction
|
| 650 |
|
0 |
|a Reinforced concrete
|x Plastics properties
|
| 999 |
|
|
|a 1000035463
|b Book
|c OPEN SHELF (30 DAYS)
|e Gong Badak Campus
|